Professional nursing : concepts & challenges. / (Record no. 10161)

MARC details
000 -LEADER
fixed length control field 01807cam a2200313 a 4500
001 - CONTROL NUMBER
control field 16001960
003 - CONTROL NUMBER IDENTIFIER
control field OSt
005 - DATE AND TIME OF LATEST TRANSACTION
control field 20231108160050.0
008 - FIXED-LENGTH DATA ELEMENTS--GENERAL INFORMATION
fixed length control field 091201s2011 moua b 001 0 eng
010 ## - LIBRARY OF CONGRESS CONTROL NUMBER
LC control number 2009942417
020 ## - INTERNATIONAL STANDARD BOOK NUMBER
International Standard Book Number 9781437707199
040 ## - CATALOGING SOURCE
Original cataloging agency WIUC - GH
Transcribing agency WIUC - GH
Modifying agency DLC
042 ## - AUTHENTICATION CODE
Authentication code pcc
050 00 - LIBRARY OF CONGRESS CALL NUMBER
Classification number RT82.C54
082 00 - DEWEY DECIMAL CLASSIFICATION NUMBER
Classification number 610.73068
Edition number 23
100 1# - MAIN ENTRY--PERSONAL NAME
Personal name Chitty, Kay Kittrell.
9 (RLIN) 2668
245 10 - TITLE STATEMENT
Title Professional nursing : concepts & challenges. /
Statement of responsibility, etc. Kay Kittrell Chitty, Beth Perry Black.
250 ## - EDITION STATEMENT
Edition statement 6th ed.
260 ## - PUBLICATION, DISTRIBUTION, ETC.
Place of publication, distribution, etc. Maryland Heights, Missouri :
Name of publisher, distributor, etc. Saunders/Elsevier,
Date of publication, distribution, etc. 2011.
300 ## - PHYSICAL DESCRIPTION
Extent xii, 452 p. :
Other physical details ill. (some col.) ;
Dimensions 24 cm.
504 ## - BIBLIOGRAPHY, ETC. NOTE
Bibliography, etc. note Includes bibliographical references and index.
505 ## - FORMATTED CONTENTS NOTE
Formatted contents note Contents: Nursing today -- The history and social context of nursing -- Nursing's pathway to professionalism -- Legal aspects of nursing -- Ethics: basic concepts for nursing practice -- Becoming a nurse: defining nursing and socialization into professional practice -- Education of nurses -- Critical thinking, the nursing process, and clinical judgement -- Communication and collaboration in nursing -- Illness, culture, and caring: impact on patients, families and nurses -- The science of nursing and evidence-based practice --Conceptual and philosophical bases of nursing -- Nursing theory: the basis for professional nursing -- The health care delivery system -- The Political activism of nursing: in organizations and government -- Nursing's future challenges --
650 #0 - SUBJECT ADDED ENTRY--TOPICAL TERM
Topical term or geographic name entry element Nursing
General subdivision Practice
Form subdivision Textbooks.
9 (RLIN) 1273
700 1# - ADDED ENTRY--PERSONAL NAME
Personal name Black, Beth Perry.
9 (RLIN) 2669
906 ## - LOCAL DATA ELEMENT F, LDF (RLIN)
a 7
b cbc
c origcop
d 2
e epcn
f 20
g y-gencatlg
942 ## - ADDED ENTRY ELEMENTS (KOHA)
Source of classification or shelving scheme Library of Congress Classification
Koha item type Books
Holdings
Withdrawn status Lost status Source of classification or shelving scheme Damaged status Not for loan Home library Current library Shelving location Date acquired Full call number Barcode Date last seen Copy number Price effective from Koha item type
    Library of Congress Classification     WISCONSIN INTERNATIONAL UNIVERSITY COLLEGE, GHANA KUMASI LIBRARY WISCONSIN INTERNATIONAL UNIVERSITY COLLEGE, GHANA KUMASI LIBRARY nursing 26/11/2019 RT82.C54(6e) KSN/748/748/19 02/11/2023 1 02/11/2023 Books
    Library of Congress Classification     WISCONSIN INTERNATIONAL UNIVERSITY COLLEGE, GHANA KUMASI LIBRARY WISCONSIN INTERNATIONAL UNIVERSITY COLLEGE, GHANA KUMASI LIBRARY nursing 26/11/2019 RT82.C543(6e) KSN/913/913/19 02/11/2023 4 02/11/2023 Books
    Library of Congress Classification     WISCONSIN INTERNATIONAL UNIVERSITY COLLEGE, GHANA KUMASI LIBRARY WISCONSIN INTERNATIONAL UNIVERSITY COLLEGE, GHANA KUMASI LIBRARY nursing 02/12/2019 RT82.C542(6e) KSN/941/941/19 02/11/2023 3 02/11/2023 Books
    Library of Congress Classification     WISCONSIN INTERNATIONAL UNIVERSITY COLLEGE, GHANA KUMASI LIBRARY WISCONSIN INTERNATIONAL UNIVERSITY COLLEGE, GHANA KUMASI LIBRARY nursing 08/11/2023 RT82.C541(6e) KSN/749/749/19 08/11/2023 2 08/11/2023 Books

If you have any concerns or questions; kindly contact the library


© Powered by WIUC ICT DIRECTORATE